My Singing Monsters Earth Island - Statistics

General Stats
  • This quiz has been taken 8 times
  • The average score is 23 of 30
Answer Stats
Hint Answer % Correct
Single - Earth Noggin
100%
Double - Air, Earth Cybop
86%
Dipster Do
86%
Dipster Fa
86%
Dipster La
86%
Single - Cold Mammott
86%
Dipster Mi
86%
Double - Cold, Air Pango
86%
Single - Plant Potbelly
86%
Quad - Plant, Cold, Air, Earth Quarrister
86%
Dipster Re
86%
Dipster Sol
86%
Werdo Stoowarb
86%
Dipster Ti
86%
Single - Air Tweedle
86%
Double - Plant, Air Dandidoo
71%
Double - Cold, Earth Drumpler
71%
Epic Supernatural Epic Wubbox (earth)
71%
Double - Plant, Cold Furcorn
71%
Seasonal - SummerSong Hoola
71%
Mythical Hyehehe
71%
Triple - Cold, Air, Earth PomPom
71%
Rare Supernatural Rare Wubbox
71%
Werdo Tawkerr
71%
Triple - Plant, Cold, Air Thumpies
71%
Supernatural Wubbox
71%
Triple - Plant, Cold, Earth Clamble
57%
Ethereal - Poison Humbug
57%
Triple - Plant, Air, Earth Reedling
57%
Double - Plant, Earth Shrubb
57%
No matching quizzes found
Score Distribution
Percent of People with Each Score
Percentile by Number Answered
Your Score History
You have not taken this quiz